Vincitori Campionati mondiali maschili di pallacanestro - Statistics

Statistiche generali
  • Questo quiz è stato fatto 25 volte
  • Il punteggio medio è 15 su 19
Statistiche sulle risposte
Edizione Continente Nazionale vincitrice % Corretto
1954 America del Nord Stati Uniti
100%
1986 America del Nord Stati Uniti
100%
1994 America del Nord Stati Uniti
100%
2010 America del Nord Stati Uniti
100%
2014 America del Nord Stati Uniti
100%
2023 Europa Germania
96%
2006 Europa Spagna
96%
2019 Europa Spagna
96%
1950 America del Sud Argentina
91%
1959 America del Sud Brasile
91%
1963 America del Sud Brasile
91%
1967 Asia / Europa Unione Sovietica
74%
1974 Asia / Europa Unione Sovietica
74%
1982 Asia / Europa Unione Sovietica
74%
1970 Europa Jugoslavia
48%
1978 Europa Jugoslavia
48%
1990 Europa Jugoslavia
48%
1998 Europa Jugoslavia
48%
2002 Europa Jugoslavia
48%
Nessun quiz corrispondente trovato
Distribuzione punteggi
Percentuale di utenti per punteggio
Percentile per numero di risposta
I tuoi punteggi nel tempo
Non hai fatto questo quiz